Personnages de dessins animés en images - J - Statistiques

Statistiques générales
  • Ce quiz a été pris 873 fois
  • Le résultat moyen est 11 sur 16
Statistiques - réponses
Par images Réponse % Correct
Jerry
98%
Jasmine
96%
Joie
94%
Jafar
92%
Joyeux
89%
Joe Dalton
81%
Jane Porter
78%
Javotte
61%
Jiminy Cricket
60%
Judy Hopps
60%
Le roi Julian
59%
Jessie
58%
Jack-Jack
57%
Jean Darling
43%
Johnny
40%
Jonathan Loughran
19%
Aucun quiz correspondant
Distribution des résultats
% des personnes avec chaque résultat
Percentile par nombre de réponses
Votre historique - résultats
Vous n’avez pas pris ce quiz